000 00652nam a22001337a 4500
040 _cRUA
082 _aAGR SOT 2012 B048 Or.1
100 _aSOTH, VORN.
245 _aEffect of intercropping between redcorn (zea mays) and different beans on corn yield ឥទ្ធិពលនៃការដាំឆ្លាស់រវាងពោតក្រហមនិងប្រភេទសណ្ដែកផ្សេងៗគ្នាទៅលើទិន្នផលពោត
260 _aPhnom Penh
_bRUA
_c2012
300 _ax, 60p.
_bill.
_c29cm.
856 _uhttps://drive.google.com/file/d/1HEJ9rgqd_N9WN0dC-wvoM1Ie6-Y4OyPr/view?usp=sharing
942 _cAGR
999 _c1108
_d1108